Statistics for Islands by City

Click here to take the quiz!

General Stats

  • This quiz has been taken 148 times
  • The average score is 20 of 24

Answer Stats

HintAnswer% Correct
ReykjavikIceland
99%
HavanaCuba
96%
KingstonJamaica
94%
TaipeiTaiwan
94%
JakartaJava
92%
NicosiaCyprus
91%
AucklandNorth Island
91%
ChristchurchSouth Island
91%
CorkIreland
90%
PalermoSicily
90%
ColomboSri Lanka
90%
AntananarivoMadagascar
89%
LondonGreat Britain
87%
NuukGreenland
87%
TokyoHonshu
85%
HobartTasmania
79%
SapporoHokkaido
78%
Port MoresbyNew Guinea
78%
San JuanPuerto Rico
77%
ManamaBahrain
76%
ManilaLuzon
75%
KuchingBorneo
50%
HaikouHainan
46%
HamiltonBermuda
31%

Score Distribution

Percentile by Number Answered

Percent of People with Each Score

Your Score History

You have not taken this quiz